|
|
แสดงรายละเอียดบรรณานุกรม |
|
|
Brief Record
: Get Marc (ISO 2709)
: E-mail record
: |
|
|
| LEADER 00000nam 2200000uu 4500 | |||
| 008 120606s2553||||th 000 0 tha d | |||
| 024 ^a9786169036760 | |||
| 090 ^aนว^bว617พ 2553 | |||
| 100 0 ^aวินทร์ เลียววาริณ | |||
| 245 10 ^aพุ่มรัก พานสิงห์ :^bคดีเจ็ดแพะ /^cวินทร์ เลียววาริณ | |||
| 250 ^aพิมพ์รวมเล่มครั้งแรก | |||
| 260 ^aกรุงเทพฯ :^bบริษัท 113,^c2553 | |||
| 300 ^a288 หน้า | |||
| 440 0 ^aนิยายนักสืบพุ่มรักพานสิงห์ ;^vชุด 4 | |||
| 440 0 ^aเสี่ยวนักสืบ ;^v4 | |||
| 650 0 ^aนวนิยายรหัสคดีพุ่มรักพานสิงห์. | |||
| 650 0 ^aคดีเจ็ดแพะ. | |||
| 999 ^aใช้งานได้ทุกระบบ | |||
| คุณยังไม่ได้ล็อกอิน คุณสามารถมีกิจกรรมร่วมกับเว็บไซต์ได้ แต่ต้องล็อกอินก่อน :: |
|
| สถานะ | |||||||||
| 1. | นวนิยาย | นว ว617พ 2553 | On Shelf ขอยืม | ||||||
| [แสดง 1/1 รายการ] | |||||||||
| รายการใกล้เคียง ผู้แต่ง [วินทร์ เลียววาริณ] |
BibComment |
| คอมเมนท์ทรัพยากรรายการนี้ |
|
|